LIBRARY & INFORMATION CENTRE, KCAET, TAVANUR

ONLINE PUBLIC ACCESS CATALOGUE (OPAC)

Developing effective safety systems / (Record no. 3761)

MARC details
000 -LEADER
fixed length control field 00404cam a2200157ua 4500
003 - CONTROL NUMBER IDENTIFIER
control field OSt
008 - FIXED-LENGTH DATA ELEMENTS--GENERAL INFORMATION
fixed length control field 240216b |||||||| |||| 00| 0 eng d
020 ## - INTERNATIONAL STANDARD BOOK NUMBER
ISBN 0-08-8415-2057
041 ## - LANGUAGE CODE
Language code of text/sound track or separate title eng
082 ## - DEWEY DECIMAL CLASSIFICATION NUMBER
Classification number 658.408
Item number WAL/DE
100 ## - MAIN ENTRY--AUTHOR NAME
Personal name Wallace, Ian G .
245 ## - TITLE STATEMENT
Title Developing effective safety systems /
260 ## - PUBLICATION, DISTRIBUTION, ETC. (IMPRINT)
Place of publication London :
Name of publisher Gulf Publishing Company ,
Year of publication 1995.
300 ## - PHYSICAL DESCRIPTION
Number of Pages 165 ; .
942 ## - ADDED ENTRY ELEMENTS (KOHA)
Koha item type Books
Holdings
Withdrawn status Lost status Damaged status Home library Current library Date acquired Full call number Accession Number Koha item type
      KAUAET KAUAET 07/04/2012 658.408 WAL/DE 20358 Books
free website counter